01447cam a2200301 a 45000010009000000050017000090080041000260100017000670200029000840200026001130400018001390420008001570500021001650820018001861000021002042450198002252460137004232600044005603000025006045040066006295050120006956500062008156500081008779060045009589420012010039990017010159520113010321693612520170105102905.0110826s2012 enk b 001 0 eng  a 2011035109 a9780415583732 (hardback) a9780203126783 (ebook) aDLCcDLCdDLC apcc00aK1089b.R93 201200a345/.02682231 aRyder, Nicholas.10aMoney laundering-- an endless cycle? :ba comparative analysis of the anti-money laundering policies in the United States of America, the United Kingdom, Australia and Canada /cNicholas Ryder.3 aComparative analysis of the anti-money laundering policies in the United States of America, the United Kingdom, Australia and Canada aLondon ;aNew York :bRoutledge,c2012. axv, 182 p. ;c25 cm. aIncludes bibliographical references (p. [168]-179] and index.0 aGlobal anti-money laundering strategy -- The United States of America -- The United Kingdom -- Australia -- Canada. 0aMoney launderingzEnglish-speaking countriesxPrevention. 0aMoneyxLaw and legislationzEnglish-speaking countriesxCriminal provisions. a7bcbccorignewd1eecipf20gy-gencatlg 2ddccBK c14835d14835 001040708NFICaCIPSbCIPScGENd2013-10-01l0o345.0268 RYD 2012pCIPS0001387r2013-10-22w2013-10-22yBK